| 000 | 00641nam a2200181 i 4500 | ||
|---|---|---|---|
| 001 | 43181 | ||
| 003 | ES-MaACL | ||
| 005 | 20250905063040.0 | ||
| 007 | t| | ||
| 008 | 030317s1938 sp ||||1| spa d | ||
| 100 | 1 |
_aCastro Albarrán, Aniceto de, _d1896-1981 _936901 |
|
| 245 | 1 | 0 |
_aEste es el cortejo ... héroes y mártires de la cruzada española / _cpor A. de Castro Albarrán. |
| 260 |
_aSalamanca : _b{s.n., _c1938] ( _fTall. Gráf. Cervantes) |
||
| 300 |
_a303 p. ; _c21 cm. |
||
| 651 | 4 |
_aEspaña- _xHistoria- _y1936-1939, Guerra civil- _xAtrocidades. _98296 |
|
| 852 |
_aES-MaACL _jC-5637 _bR.26212 |
||
| 999 |
_c43181 _d43181 |
||